Geography Quiz

Random Geography or Asia Quiz

The Syria Quiz Stats

 Plays Quiz Updated Jan 9, 2017

Support Sporcle.
Go Orange.
Score 0/41 Timer 07:00
0 Plays Today
Hint Answer % Correct
Flag ColorRed
94.4%
Flag ColorBlack
92.7%
Flag ColorWhite
92.2%
Flag ColorGreen
91.5%
Internet Country Code.sy
89.8%
Largest ReligionIslam
83%
Bordering CountryIraq
82.9%
ContinentAsia
82.7%
Bordering CountryIsrael
81.6%
Drives on the...Right
81.3%
Nationality (Demonym)Syrian
80.1%
Bordering CountryJordan
79.4%
Bordering CountryTurkey
79.2%
Capital CityDamascus
79.1%
Most Popular SportFootball (Soccer)
78.7%
Second Largest CityDamascus
78%
Official LanguageArabic
78%
Bordering CountryLebanon
77.9%
Age of Suffrage18
71.2%
PresidentBashar al-Assad
59.7%
Bordering SeaMediterranean
59.2%
Hint Answer % Correct
Form of GovernmentRepublic
58.6%
Independence FromFrance
56%
Largest CityAleppo
55%
Largest LakeAssad
47.8%
# of Governorates14
40%
Year of Independence1946
33.4%
Third Largest CityHoms
30%
Largest Governorate (by area)Homs
29.7%
Longest RiverEuphrates
27.9%
Union with Egypt (1958-1961)United Arab Republic
22.6%
CurrencySyrian Pound
21.6%
Official NameSyrian Arab Republic
21.3%
Fifth Largest CityHama
14.2%
Fourth Largest CityLatakia
13.5%
National SymbolHawk
9.5%
Highest Point (2,814 m)Mount Hermon
7%
Prime MinisterImad Khamis
6.7%
National AnthemHomat el Diyar
6.6%
Evacuation DayApril 17
6.5%
Largest StadiumAleppo International
5.9%

You're not logged in!

Compare scores with friends on all Sporcle quizzes.
OR
Log In
Forgot?

From the Vault

Clueless Letter Lines: Orchestra Instruments

by esmeyny

If you can play all of those instruments, we'll be impressed.
Remove Ads.
Support Sporcle.
Get the best of Sporcle when you Go Orange. This ad-free experience offers more features, more stats, and more fun while also helping to support Sporcle. Thank you for becoming a member.

Show Comments

Extras

Top Quizzes Today


Score Distribution

Your Account Isn't Verified!

In order to create a playlist on Sporcle, you need to verify the email address you used during registration. Go to your Sporcle Settings to finish the process.

Report this User

Report this user for behavior that violates our Community Guidelines.

Details: